| 000 | 00811cab a2200265 4500 | ||
|---|---|---|---|
| 001 | ABS60133 | ||
| 008 | 090401t1999 xxu||||| |||| 00| 0 eng d | ||
| 035 | _a(Sirsi) u91521 | ||
| 041 | _aeng | ||
| 100 | _aGoodwyn, E. | ||
| 245 | _aLimited clarification on TUPE | ||
| 260 | _c1999 | ||
| 350 | _a0 | ||
| 490 |
_aBuilding _v264(8075) 19 February 1999, 69(1) |
||
| 520 | _aWhen can an employer change employees` terms and conditions of employment following a TUPE transfer? The answer remains hazy. (Taken from journal headnote.) | ||
| 650 | _aCONDITIONS OF EMPLOYMENT | ||
| 650 | _aEMPLOYEES | ||
| 650 | _aEMPLOYERS | ||
| 650 | _aMEADE AND BAXENDALE V BRITISH FUELS | ||
| 650 | _aTUPE | ||
| 650 | _aWILSON V ST HELENS BC | ||
| 690 | _aECONOMIC AND SOCIAL | ||
| 942 | _n0 | ||
| 948 | _c23/02/1999 | ||
| 999 |
_c58099 _d58099 |
||